| 000 | 00683nam a2200229Ia 4500 | ||
|---|---|---|---|
| 003 | OSt | ||
| 005 | 20220925182550.0 | ||
| 006 | a|||||r|||| 00| 0 | ||
| 007 | ta | ||
| 008 | 220923b |||||||| |||| 00| 0 eng d | ||
| 037 | _cGeneral Book | ||
| 040 |
_aRTL _cRTL _beng |
||
| 041 |
_2eng _aeng |
||
| 082 | _aX:991.N88, M8 | ||
| 100 |
_aIRELAND Norman J _9256691 |
||
| 245 | 0 | _aInternal labour markets and democratic labour managed firms. | |
| 260 |
_aConventry _bUniversity of Warwick _c1988 |
||
| 300 |
_av.p. _ccm. |
||
| 490 | _aWarwick economic research papers;292. | ||
| 942 |
_hX:991.N88, M8 _cGB _2CC |
||
| 999 |
_c502537 _d502537 |
||